Tarian rodat

Bibliographic Details
Format: Book
Published: Petaling Jaya : Oak Publications
Series:Siri Tarian Tradisional Melayu
Subjects:

MARC

LEADER 00000cam a2200000 7i4500
001 0000027342
005 20090826.0
008 090826
020 |a 9832106826 
090 0 0 |a CUS   |b MAL 
245 1 0 |a Tarian rodat 
260 |a Petaling Jaya :   |b Oak Publications 
300 |a 95p. ;   |c 20cm. 
440 |a Siri Tarian Tradisional Melayu 
504 |a Includes bibliographical 
650 0 |a Folk dancing, Malay   |z Malaysia 
650 0 |a Rodat 
999 |a 0001061145   |b Book   |c Children Collection   |e Perbadanan Perpustakaan Awam Johor 
999 |a 0001061146   |b Book   |c Children Collection   |e Perbadanan Perpustakaan Awam Johor 
999 |a 0001061147   |b Book   |c Children Collection   |e Cawangan Muar 
999 |a 0001061148   |b Book   |c Children Collection   |e Perbadanan Perpustakaan Awam Johor